000 00230nmm a2200085Ia 4500
008 220120s9999||||xx |||||||||||||||||und||
100 _aEmbedded For You
245 0 _aFree source and design library inside
260 _aEmbedded for you
999 _c139946
_d139946